000 00995cam a2200337 a 4500
001 22405
003 SK-KTurca
005 20260327152749.0
008 240318s2009 xo g 000 jdslo
015 _aSNBA2009/11-05517
020 _a9788055119700
_q(viaz.)
035 _a8DF88B4D-0087-412B-A20A-C70B1FF6F2E0
035 _aurn:nbn:sk:snk-amk1qj
035 _aurn:nbn:sk:snk-am008645
040 _aPPPK
_bslo
_cPPPK
_dSNK
_eAACR2
041 0 _aslo
044 _axo
_cSK
072 7 _a821.162.4-3
_xSlovenská próza
_2konspekt
080 _a821.162.4-32
_22001
080 _a364.63-027.553
_22001
100 1 _aŠimulčíková, Jana,
_d1937-2025
_4aut
245 1 0 _aJed nášho milovania
_cJana Šimulčíková
250 _a1. vyd.
260 _aBratislava
_bIkar
_c2009
300 _a167 s.
_c21 cm
650 0 7 _adomáce násilie
_2SNKPH
655 7 _aslovenské príbehy
_2SNKPH
942 _2ddc
_cKLDO
_n0
980 _a821.162.4-32
999 _c22405
_d22405